Nouveau traité de chemie minérale
Guardat en:
| Autor principal: | |
|---|---|
| Format: | Llibre |
| Idioma: | francès |
| Publicat: |
París
Masson
1956
|
| Matèries: | |
| Etiquetes: |
Afegir etiqueta
Sense etiquetes, Sigues el primer a etiquetar aquest registre!
|
MARC
| LEADER | 00000nam a2200000 a 4500 | ||
|---|---|---|---|
| 001 | UCT4581 | ||
| 003 | CL-VaPUC | ||
| 008 | 961114e19560000FR |||||||||||||||||fre|d | ||
| 082 | 0 | 4 | |a 549.13 |b PAS |2 21 |
| 100 | |a Pascal, Paul |e auteur |9 373912 | ||
| 245 | 1 | 0 | |a Nouveau traité de chemie minérale |
| 300 | |a v | ||
| 942 | |c BK | ||
| 945 | |d 19961114 00:00:00 |a lriquelm | ||
| 260 | |a París |b Masson |c 1956 | ||
| 500 | |a v.1: Generalites, air, eau, hydrogene, deuterium, tritium, helium et gaz inertes | ||
| 500 | |a v.8 p.3: Germanium, étain, plomb | ||
| 500 | |a v.20 p.1: Alliages métalliques | ||
| 500 | |a v.20 p.2: Alliages métalliques, suite | ||
| 650 | 0 | |a Química |9 259896 | |
| 650 | 0 | |a Minerales |9 264051 | |
| 650 | 7 | |a PRODUCTOS QUIMICOS INORGANICOS |2 CL-VaPUC |9 344421 | |
| 650 | 7 | |a GERMANIO |2 CL-VaPUC |9 373913 | |
| 650 | 0 | |a Metales |9 260686 | |
| 650 | 7 | |a PLOMO |2 CL-VaPUC |9 373914 | |
| 583 | |a last modification |c 19961114 00:00:00 |k Rodrigo Vera | ||
| 999 | |c 253876 |d 253874 | ||